| 000 | 00655nam a22002172 4500 | ||
|---|---|---|---|
| 001 | 0000000595 | ||
| 005 | 20151217151751.0 | ||
| 008 | 070213s xx 000 0 eng d | ||
| 020 | _cKES 7,000 | ||
| 040 |
_aKABU _cKABU |
||
| 050 | 0 |
_aBR127 _b.D544 2001 |
|
| 100 | 1 |
_aHick, John. _@0000148831 |
|
| 245 | 1 | 0 |
_aDialogues in the philosophy of religion / _cJohn Hick. |
| 260 |
_aHoundsmill : _bPalgrave, _c2001. |
||
| 300 | _a217 p. | ||
| 650 | 0 |
_aReligious pluralism _xChristianity. _@0000148832 |
|
| 650 | 0 |
_aChristianity and other religions. _@0000104136 |
|
| 908 | _a070213 | ||
| 950 | _@1 | ||
| 999 |
_c4815 _d4815 |
||